| 000 | 00468nam a2200181Ia 4500 | ||
|---|---|---|---|
| 001 | 16347 | ||
| 005 | 20260306170302.0 | ||
| 008 | 260306t2017||||xx |||||||||||||| ||und|| | ||
| 041 | _aESP | ||
| 082 |
_a348.5 _bR47 |
||
| 100 |
_aReynal Reillo, Esperanza _eAUT |
||
| 245 | 0 | _aConsentimiento informado y responsabilidad en el ámbito sanitario | |
| 260 | _c2017 | ||
| 300 |
_a262 páginas : _c22 cm. |
||
| 650 | _aGEN | ||
| 654 | _aCDE | ||
| 942 |
_cLIB _dJUS _fJUS _2ddc _n |
||
| 999 |
_c16347 _d16347 |
||